[Event "Titled Tuesday intern op 13th Sep Early"]
[Site "Chess.com INT"]
[Date "2022.09.13"]
[Round "5"]
[White "Chandratreya, Prachiti"]
[Black "Nayak, Rajesh"]
[Result "0-1"]
[WhiteElo "1998"]
[BlackElo "2142"]
[PlyCount "64"]
[EventDate "2022.09.13"]
[EventType "swiss (blitz)"]
[EventRounds "11"]
[EventCountry "USA"]
[SourceTitle "EXT 2023"]
[Source "ChessBase"]
[SourceDate "2022.10.05"]
[SourceVersion "1"]
[SourceVersionDate "2022.10.05"]
[SourceQuality "1"]

1. e4 c5 2. c3 Nf6 3. e5 Nd5 4. Nf3 e6 5. Bc4 d6 6. exd6 Bxd6 7. 0-0 0-0 8. d4 b6 9. dxc5 bxc5 10. Nbd2 Bb7 11. Re1 Nd7 12. Ne4 Be7 13. Qc2 Rc8 14. Bg5 N7f6 15. Nxf6+ Bxf6 16. Bxf6 Qxf6 17. Rad1 Nf4 18. Re3 Rcd8 19. Rde1 Rd6 20. Bf1 Rfd8 21. h3 Nxh3+ 22. gxh3 Bxf3 23. Qb3 Qg5+ 24. Kh2 Qf4+ 25. Kg1 e5 26. Rxe5 Rg6+ 27. Bg2 Rxg2+ 28. Kf1 g6 29. Re8+ Rxe8 30. Rxe8+ Kg7 31. Qc2 Rh2 32. Ke1 Rh1# 0-1

[Event "Titled Tuesday intern op 13th Sep Early"]
[Site "Chess.com INT"]
[Date "2022.09.13"]
[Round "7"]
[White "Dushyant, Sharma"]
[Black "Chandratreya, Prachiti"]
[Result "1-0"]
[WhiteElo "2391"]
[BlackElo "1998"]
[PlyCount "45"]
[EventDate "2022.09.13"]
[EventType "swiss (blitz)"]
[EventRounds "11"]
[EventCountry "USA"]
[SourceTitle "EXT 2023"]
[Source "ChessBase"]
[SourceDate "2022.10.05"]
[SourceVersion "1"]
[SourceVersionDate "2022.10.05"]
[SourceQuality "1"]

1. e4 e6 2. Nf3 d5 3. exd5 exd5 4. d4 Nc6 5. Bd3 Bd6 6. c3 Nge7 7. 0-0 Bg4 8. Be3 Qd7 9. Nbd2 0-0-0 10. b4 f6 11. a4 g5 12. a5 Rdg8 13. b5 Nd8 14. b6 Kb8 15. bxc7+ Qxc7 16. Qb3 h5 17. c4 Bxf3 18. Nxf3 g4 19. Nd2 Bxh2+ 20. Kh1 Bf4 21. cxd5 h4 22. Rac1 Qd6 23. Ne4 1-0

[Event "Titled Tuesday intern op 21st Dec"]
[Site "Chess.com INT"]
[Date "2021.12.21"]
[Round "4"]
[White "Bethke, Richard"]
[Black "Chandratreya, Prachiti"]
[Result "1-0"]
[WhiteElo "2327"]
[BlackElo "1998"]
[PlyCount "143"]
[EventDate "2021.12.21"]
[EventType "swiss (blitz)"]
[EventRounds "11"]
[EventCountry "USA"]
[SourceTitle "CBM 205 Extra"]
[Source "ChessBase"]
[SourceDate "2022.01.31"]
[SourceVersion "1"]
[SourceVersionDate "2022.01.31"]
[SourceQuality "1"]

1. e4 e6 2. d4 d5 3. Nd2 Nc6 4. Ngf3 Nf6 5. e5 Nd7 6. Bb5 Ncb8 7. Nb3 a6 8. Be2 c5 9. c3 Nc6 10. 0-0 cxd4 11. cxd4 f6 12. exf6 Nxf6 13. Bf4 Bd6 14. Bxd6 Qxd6 15. Nc5 0-0 16. Nd3 Ne4 17. Nde5 Bd7 18. Bd3 Be8 19. Rc1 Bh5 20. Nxc6 bxc6 21. Be2 c5 22. dxc5 Nxc5 23. Qd4 Ne4 24. Rfd1 Rab8 25. b3 Rb4 26. Qe3 Nf6 27. Nd4 Bxe2 28. Qxe2 e5 29. Nf5 Qe6 30. Ne3 e4 31. Rc7 Qe5 32. Ra7 d4 33. Nc4 Qc5 34. Rxa6 d3 35. Qe3 Qf5 36. Ra7 Ng4 37. Qd4 Nf6 38. h3 Qh5 39. Rd2 Qh6 40. Qe3 Qxe3 41. Nxe3 Rc8 42. Nf5 g6 43. Ne7+ Kf8 44. Nxc8 Nd5 45. Nd6 Nf4 46. Ra4 Ne2+ 47. Kf1 Rxa4 48. bxa4 Nc3 49. Nxe4 Nxe4 50. Rxd3 Nc5 51. Rd4 Ke7 52. a5 Na6 53. Ke2 Ke6 54. Kd3 Ke5 55. Kc4 g5 56. Rd5+ Ke6 57. Rxg5 Nc7 58. Rg7 Na6 59. Rxh7 Ke5 60. Rh5+ Ke4 61. Kb5 Nc7+ 62. Kb6 Na8+ 63. Kb7 Kd4 64. Kxa8 Kd3 65. a6 Ke2 66. a7 Kf1 67. Kb7 Kg1 68. a8Q Kh1 69. Qg8 Kh2 70. Qg3+ Kh1 71. Rc5 Kg1 72. Rc1# 1-0

[Event "Titled Tuesday intern op 21st Dec"]
[Site "Chess.com INT"]
[Date "2021.12.21"]
[Round "6"]
[White "Chandratreya, Prachiti"]
[Black "Martic, Ivan"]
[Result "0-1"]
[WhiteElo "1998"]
[BlackElo "2287"]
[PlyCount "36"]
[EventDate "2021.12.21"]
[EventType "swiss (blitz)"]
[EventRounds "11"]
[EventCountry "USA"]
[SourceTitle "CBM 205 Extra"]
[Source "ChessBase"]
[SourceDate "2022.01.31"]
[SourceVersion "1"]
[SourceVersionDate "2022.01.31"]
[SourceQuality "1"]

1. e4 c5 2. c3 d5 3. exd5 Qxd5 4. d4 Nf6 5. Nf3 e6 6. Be2 Nc6 7. 0-0 cxd4 8. cxd4 Bb4 9. Nc3 Bxc3 10. bxc3 0-0 11. Ba3 Rd8 12. Qb3 b6 13. Nd2 Bb7 14. Bf3 Qd7 15. Nc4 Rab8 16. Rfe1 b5 17. Qxb5 Nxd4 18. cxd4 Qxb5 0-1

[Event "Eastern Asia-ch U18 Girls"]
[Site "Tornelo INT"]
[Date "2021.10.23"]
[Round "4"]
[White "Chandratreya, Prachiti"]
[Black "Bristy, Mukherjee"]
[Result "0-1"]
[WhiteElo "1588"]
[BlackElo "1599"]
[PlyCount "86"]
[EventDate "2021.10.22"]
[EventType "swiss"]
[EventRounds "9"]
[EventCountry "NET"]
[SourceTitle "EXT 2023"]
[Source "ChessBase"]
[SourceDate "2022.10.05"]
[SourceVersion "1"]
[SourceVersionDate "2022.10.05"]
[SourceQuality "1"]

1. e4 b6 2. d4 Bb7 3. Nc3 e6 4. Nf3 Bb4 5. Bd3 Nf6 6. e5 Ne4 7. Bd2 Nxd2 8. Qxd2 d6 9. a3 Bxc3 10. Qxc3 dxe5 11. dxe5 0-0 12. 0-0-0 Qe7 13. Kb1 Na6 14. Bxa6 Bxa6 15. Rd2 Bb7 16. Rhd1 Rad8 17. Nd4 c5 18. Nb5 Rxd2 19. Qxd2 Bxg2 20. Qd6 Qb7 21. Nc3 h6 22. f4 Qf3 23. Qd2 Bh3 24. Re1 Bf5 25. Nb5 Qd5 26. Qf2 f6 27. exf6 Rxf6 28. Nc3 Qc4 29. Rg1 Qd4 30. Qxd4 cxd4 31. Nb5 d3 32. Nxa7 dxc2+ 33. Kc1 Be4 34. Nc8 b5 35. Nd6 Rxf4 36. Nxb5 Rf2 37. Nd6 Bd5 38. Ne8 Bb3 39. Nxg7 Kh7 40. Nh5 Rf5 41. Ng3 Rd5 42. Ne4 Rd1+ 43. Rxd1 cxd1Q# 0-1

[Event "Titled Tuesday intern op 07th Sept"]
[Site "Chess.com INT"]
[Date "2021.09.07"]
[Round "10"]
[White "Chandratreya, Prachiti"]
[Black "Buker, Muhittin"]
[Result "1-0"]
[WhiteElo "1998"]
[BlackElo "1996"]
[PlyCount "83"]
[EventDate "2021.09.07"]
[EventType "swiss (blitz)"]
[EventRounds "11"]
[EventCountry "USA"]
[SourceTitle "EXT 2022"]
[Source "ChessBase"]
[SourceDate "2021.10.06"]
[SourceVersion "1"]
[SourceVersionDate "2021.10.06"]
[SourceQuality "1"]

1. e4 e5 2. Nf3 Nc6 3. Bb5 Nf6 4. 0-0 Nxe4 5. d4 Nd6 6. dxe5 Nxb5 7. a4 Nd6 8. exd6 Bxd6 9. Re1+ Be7 10. Nc3 0-0 11. Nd5 d6 12. b4 Be6 13. b5 Bxd5 14. Qxd5 Nb4 15. Qe4 Bf6 16. Rb1 c5 17. bxc6 Nxc6 18. Rxb7 d5 19. Qd3 a5 20. Rb5 d4 21. Bg5 Nb4 22. Qf5 Bxg5 23. Nxg5 g6 24. Qh3 h5 25. c3 dxc3 26. Qxc3 Rc8 27. Qg3 Qd2 28. Rf1 Rc3 29. Qe5 Nd3 30. Qe3 Qxe3 31. fxe3 Rc5 32. Ne4 Rxb5 33. axb5 Rb8 34. Rb1 Nb4 35. Nc3 f5 36. Ra1 Ra8 37. Kf2 Kf7 38. Kf3 Ke6 39. Rb1 Ke5 40. Na4 Rb8 41. b6 g5 42. Rc1 1-0

[Event "Titled Tuesday intern op 07th Sept"]
[Site "Chess.com INT"]
[Date "2021.09.07"]
[Round "9"]
[White "Martin Duque, Jesus"]
[Black "Chandratreya, Prachiti"]
[Result "0-1"]
[WhiteElo "2414"]
[BlackElo "1998"]
[PlyCount "144"]
[EventDate "2021.09.07"]
[EventType "swiss (blitz)"]
[EventRounds "11"]
[EventCountry "USA"]
[SourceTitle "EXT 2022"]
[Source "ChessBase"]
[SourceDate "2021.10.06"]
[SourceVersion "1"]
[SourceVersionDate "2021.10.06"]
[SourceQuality "1"]

1. d4 Nf6 2. c4 g6 3. Nc3 Bg7 4. e4 d6 5. Nf3 0-0 6. Be2 e5 7. dxe5 dxe5 8. Qxd8 Rxd8 9. Bg5 Re8 10. Nd5 Nxd5 11. cxd5 c6 12. Bc4 h6 13. Be3 cxd5 14. Bxd5 Nc6 15. 0-0-0 Bg4 16. Kb1 Rab8 17. Bxc6 bxc6 18. Bxa7 Rb7 19. Bc5 Rb5 20. Rc1 Reb8 21. b3 Rd8 22. Rc2 Rd3 23. Be3 f5 24. Nd2 f4 25. Ba7 Bd7 26. f3 g5 27. h3 h5 28. Nc4 g4 29. hxg4 hxg4 30. Nb2 Rd6 31. Bc5 Rg6 32. Nd3 gxf3 33. gxf3 Rg3 34. Rf1 Bh3 35. Rff2 Rg1+ 36. Kb2 Rd1 37. Kc3 Bf1 38. Rfd2 Bxd3 39. Rxd1 Bxc2 40. Kxc2 Rxc5+ 41. Kd3 Kf7 42. a4 Ra5 43. Rc1 c5 44. Kc4 Ke6 45. Rd1 Bf8 46. Rd8 Be7 47. Rc8 Bd6 48. Re8+ Kd7 49. Rh8 Kc6 50. Rc8+ Kd7 51. Rh8 Ra6 52. Rh7+ Kc6 53. Rh8 Ra7 54. Rc8+ Bc7 55. Rh8 Rb7 56. Rh6+ Bd6 57. Rh8 Rb4+ 58. Kc3 Rd4 59. a5 Kb5 60. Ra8 Rd1 61. a6 Kb6 62. Kc2 Rd4 63. Kc3 Bc7 64. Kc2 c4 65. b4 Rd3 66. b5 Ra3 67. Kb2 Ra5 68. Kc3 Rxb5 69. Kxc4 Ra5 70. Re8 Rxa6 71. Kd5 Ra5+ 72. Ke6 Ra3 0-1

[Event "Titled Tuesday intern op 07th Sept"]
[Site "Chess.com INT"]
[Date "2021.09.07"]
[Round "5"]
[White "Prraneeth, Vuppala"]
[Black "Chandratreya, Prachiti"]
[Result "1-0"]
[WhiteElo "2253"]
[BlackElo "1998"]
[PlyCount "137"]
[EventDate "2021.09.07"]
[EventType "swiss (blitz)"]
[EventRounds "11"]
[EventCountry "USA"]
[SourceTitle "EXT 2022"]
[Source "ChessBase"]
[SourceDate "2021.10.06"]
[SourceVersion "1"]
[SourceVersionDate "2021.10.06"]
[SourceQuality "1"]

1. d4 Nf6 2. c4 g6 3. Nc3 Bg7 4. e4 d6 5. h3 0-0 6. Be3 e5 7. d5 Nh5 8. Be2 Nf4 9. Bf3 f5 10. g3 fxe4 11. Nxe4 Nh5 12. Bxh5 gxh5 13. Qxh5 Bf5 14. Nc3 Bg6 15. Qe2 Nd7 16. Nf3 b6 17. Nh4 Be8 18. 0-0-0 Nf6 19. Nf5 Bh5 20. g4 Bg6 21. Nxg7 Kxg7 22. Bg5 Qd7 23. f3 Rae8 24. h4 h6 25. Bxf6+ Rxf6 26. g5 Rf4 27. gxh6+ Kh7 28. h5 Bf5 29. Rdg1 Kxh6 30. Qg2 Qe7 31. Ne4 Bxe4 32. fxe4 Qf6 33. Qg6+ Qxg6 34. hxg6+ Kg7 35. Rh7+ Kg8 36. Rgh1 Ref8 37. Rh8+ Kg7 38. R1h7+ Kxg6 39. Rxf8 Rxf8 40. Rxc7 Rf4 41. Rxa7 Rxe4 42. b3 Rd4 43. Ra6 e4 44. Rxb6 e3 45. Rxd6+ Kf5 46. Re6 Kf4 47. d6 Kf3 48. c5 e2 49. b4 Rxb4 50. d7 Rc4+ 51. Kb2 Rd4 52. c6 Re4 53. Rxe4 Kxe4 54. d8Q Kf3 55. Qe7 Kf2 56. c7 e1Q 57. Qxe1+ Kxe1 58. c8Q Ke2 59. a4 Ke3 60. a5 Ke4 61. a6 Ke5 62. a7 Kf4 63. a8Q Ke3 64. Qab7 Kd4 65. Qbd7+ Ke4 66. Qce8+ Kf3 67. Qdf7+ Kg4 68. Qeg8+ Kh4 69. Qfh7# 1-0

[Event "World Cup U18 Girls Prel"]
[Site "Tornelo INT"]
[Date "2021.08.01"]
[Round "8"]
[White "Chandratreya, Prachiti"]
[Black "Eizaguerri Floris, Maria"]
[Result "1-0"]
[WhiteElo "1998"]
[BlackElo "2304"]
[PlyCount "55"]
[EventDate "2021.08.01"]
[EventType "swiss (rapid)"]
[EventRounds "10"]
[EventCountry "NET"]
[SourceTitle "EXT 2024"]
[Source "ChessBase"]
[SourceDate "2023.10.10"]
[SourceVersion "1"]
[SourceVersionDate "2023.10.10"]
[SourceQuality "1"]

1. e4 c5 2. c3 b6 3. d4 Bb7 4. Bd3 Nf6 5. Qe2 cxd4 6. cxd4 Nc6 7. Nf3 Nb4 8. d5 Qc8 9. Nc3 Nxd3+ 10. Qxd3 Ba6 11. Qd4 d6 12. e5 dxe5 13. Nxe5 g6 14. Qa4+ Nd7 15. Nxd7 b5 16. Qd4 Qxd7 17. Qxh8 b4 18. Bh6 0-0-0 19. Bxf8 f6 20. Ne2 Qxd5 21. 0-0 Bxe2 22. Rfc1+ Kb8 23. Qg7 Re8 24. Bxe7 Qe5 25. Bxf6 Qd6 26. Bd4 Re7 27. Qf8+ Kb7 28. Qc8# 1-0

[Event "World Cup U18 Girls Prel"]
[Site "Tornelo INT"]
[Date "2021.08.01"]
[Round "7"]
[White "Chandratreya, Prachiti"]
[Black "Tan, Mary Joy"]
[Result "1-0"]
[WhiteElo "1998"]
[BlackElo "1740"]
[PlyCount "63"]
[EventDate "2021.08.01"]
[EventType "swiss (rapid)"]
[EventRounds "10"]
[EventCountry "NET"]
[SourceTitle "EXT 2024"]
[Source "ChessBase"]
[SourceDate "2023.10.10"]
[SourceVersion "1"]
[SourceVersionDate "2023.10.10"]
[SourceQuality "1"]

1. e4 c5 2. c3 Nf6 3. e5 Nd5 4. Nf3 Nc6 5. Bc4 Nb6 6. Bb3 c4 7. Bc2 d6 8. exd6 Qxd6 9. 0-0 Bg4 10. h3 Bh5 11. Re1 0-0-0 12. b3 e6 13. Na3 cxb3 14. axb3 a6 15. d4 Qc7 16. Qe2 Bd6 17. Nc4 Nxc4 18. bxc4 Bf4 19. Bxf4 Qxf4 20. Be4 Qc7 21. c5 g5 22. Qe3 g4 23. hxg4 Bxg4 24. Bxc6 bxc6 25. Rxa6 f6 26. Qe4 Bxf3 27. Qxf3 Kd7 28. Qxf6 Rhe8 29. Rea1 Rb8 30. c4 Rb7 31. d5 exd5 32. cxd5 1-0

[Event "World Cup U18 Girls Prel"]
[Site "Tornelo INT"]
[Date "2021.08.01"]
[Round "9"]
[White "Miroshnik, Ekaterina"]
[Black "Chandratreya, Prachiti"]
[Result "1-0"]
[WhiteElo "2234"]
[BlackElo "1998"]
[PlyCount "167"]
[EventDate "2021.08.01"]
[EventType "swiss (rapid)"]
[EventRounds "10"]
[EventCountry "NET"]
[SourceTitle "EXT 2024"]
[Source "ChessBase"]
[SourceDate "2023.10.10"]
[SourceVersion "1"]
[SourceVersionDate "2023.10.10"]
[SourceQuality "1"]

1. d4 Nf6 2. Nf3 g6 3. e3 Bg7 4. Bd3 d6 5. 0-0 0-0 6. c4 Nbd7 7. Nc3 e5 8. h3 c6 9. b3 Re8 10. Qc2 d5 11. dxe5 Nxe5 12. Nxe5 Rxe5 13. Bb2 dxc4 14. bxc4 Re8 15. Rad1 Qc7 16. Ne2 b6 17. c5 Bb7 18. Nf4 Rad8 19. Bc4 Nd5 20. Bxg7 Kxg7 21. cxb6 Nxb6 22. Be2 c5 23. Bb5 Rf8 24. Rc1 Rc8 25. Bd3 Qe5 26. Rfd1 Rfd8 27. Bc4 Rxd1+ 28. Rxd1 Be4 29. Qb3 Qf6 30. a4 Bc6 31. Bb5 c4 32. Qc2 Bxb5 33. axb5 Rc7 34. Ne2 Qg5 35. Nc3 h5 36. Rd4 Rd7 37. Rxd7 Nxd7 38. Qd2 Nb6 39. f4 Qe7 40. Kf2 Qh4+ 41. Kf3 Qe7 42. Qd4+ f6 43. Ne4 Qe6 44. g4 hxg4+ 45. hxg4 Kf7 46. Qa1 Qe7 47. Qd4 Qe6 48. f5 gxf5 49. Nd6+ Kf8 50. gxf5 Qd5+ 51. Qxd5 Nxd5 52. Nxc4 Nc3 53. Nd6 Kg8 54. e4 Kf8 55. Ke3 Na4 56. Nc8 Nc5 57. Nxa7 Ke7 58. Kd4 Na4 59. Kd5 Kd7 60. e5 fxe5 61. Kxe5 Ke7 62. f6+ Kf8 63. Nc8 Nc5 64. b6 Kf7 65. Nd6+ Kg6 66. Kd5 Na6 67. f7 Kg7 68. Kc6 Nb8+ 69. Kc7 Na6+ 70. Kc8 Kf8 71. b7 Ke7 72. b8Q Nxb8 73. Kxb8 Kf8 74. Kc7 Ke7 75. Kc6 Kf8 76. Kd5 Ke7 77. Ke5 Kf8 78. Ke6 Kg7 79. Ke7 Kh7 80. f8Q Kg6 81. Qg8+ Kh5 82. Kf6 Kh4 83. Nf5+ Kh3 84. Qg3# 1-0

[Event "Titled Tuesday intern op 04th May"]
[Site "Chess.com INT"]
[Date "2021.05.04"]
[Round "1"]
[White "Piesik, Piotr"]
[Black "Chandratreya, Prachiti"]
[Result "1-0"]
[WhiteElo "2404"]
[BlackElo "1998"]
[PlyCount "115"]
[EventDate "2021.05.04"]
[EventType "swiss (blitz)"]
[EventRounds "11"]
[EventCountry "USA"]
[SourceTitle "CBM 202 Extra"]
[Source "ChessBase"]
[SourceDate "2021.07.31"]
[SourceVersion "1"]
[SourceVersionDate "2021.07.31"]
[SourceQuality "1"]

1. Nf3 Nf6 2. g3 g6 3. Bg2 Bg7 4. 0-0 0-0 5. d4 d6 6. Nbd2 Nc6 7. e4 a6 8. Qe2 e5 9. dxe5 dxe5 10. c3 Qe7 11. b4 Be6 12. a4 Rfd8 13. Nc4 Bg4 14. Ba3 Qe6 15. Rfd1 Rxd1+ 16. Rxd1 b5 17. Ne3 Bxf3 18. Bxf3 bxa4 19. Nd5 Rc8 20. Qxa6 Nd4 21. Qxc8+ Qxc8 22. Ne7+ Kf8 23. Nxc8 Nxf3+ 24. Kg2 Ng5 25. b5+ Ke8 26. f3 Ne6 27. Na7 Nd7 28. Nc6 Nb6 29. Bb4 Nc4 30. Ra1 Nb6 31. Ba5 Nc4 32. Rxa4 Ne3+ 33. Kf2 Nd1+ 34. Ke2 Nb2 35. Rb4 Nd4+ 36. cxd4 exd4 37. Rxb2 d3+ 38. Kxd3 Bxb2 39. Bxc7 Kd7 40. Be5 Ba3 41. Bd4 Bd6 42. e5 Bf8 43. Ke4 Ba3 44. Kd5 h5 45. b6 Kc8 46. Bc5 Kb7 47. Bxa3 Kxb6 48. Nd8 Kc7 49. Nxf7 Kd7 50. e6+ Ke8 51. Nd6+ Kd8 52. Ne4 Ke8 53. e7 Kf7 54. Nf6 Kxf6 55. e8Q h4 56. Qe6+ Kg5 57. Bc1+ Kh5 58. g4# 1-0

[Event "Titled Tuesday intern op 20th Apr"]
[Site "Chess.com INT"]
[Date "2021.04.20"]
[Round "4"]
[White "Chandratreya, Prachiti"]
[Black "Langner, Ladislav"]
[Result "1-0"]
[WhiteElo "1998"]
[BlackElo "2380"]
[PlyCount "163"]
[EventDate "2021.04.20"]
[EventType "swiss (blitz)"]
[EventRounds "11"]
[EventCountry "USA"]
[SourceTitle "CBM 202 Extra"]
[Source "ChessBase"]
[SourceDate "2021.07.31"]
[SourceVersion "1"]
[SourceVersionDate "2021.07.31"]
[SourceQuality "1"]

1. e4 c5 2. c3 e6 3. d4 d5 4. exd5 exd5 5. Nf3 Nc6 6. Be2 Nf6 7. 0-0 Be7 8. dxc5 Bxc5 9. Nbd2 h6 10. Nb3 Bd6 11. h3 0-0 12. Nbd4 Bd7 13. Be3 a6 14. Qb3 Qc7 15. Rad1 Rfe8 16. Rfe1 Rad8 17. Bf1 Ne5 18. Nxe5 Bxe5 19. Nf3 Bf4 20. Bb6 Qc6 21. Bxd8 Rxd8 22. Ne5 Qd6 23. Nxd7 Qxd7 24. Be2 Bb8 25. Bf3 Qd6 26. g3 Ba7 27. Kg2 Qc5 28. Re2 h5 29. Qb4 Qc7 30. Qf4 Qc5 31. Red2 a5 32. h4 b5 33. Qd4 Qxd4 34. cxd4 Rc8 35. Re1 Rc4 36. b3 Rc3 37. Re7 Bb8 38. Rb7 Bd6 39. Rxb5 Bb4 40. Re2 Rd3 41. Bxd5 Rxd4 42. Bc4 g6 43. Rb8+ Kg7 44. Rb7 Rd7 45. Rxd7 Nxd7 46. f4 Kf6 47. Kf3 Nc5 48. Re8 Nb7 49. Rb8 Nd6 50. Rb6 Ke7 51. Ra6 Nf5 52. a3 Bc3 53. Ra7+ Kd6 54. Rxf7 Nd4+ 55. Kg2 Nf5 56. Ra7 Ne3+ 57. Kh3 Nxc4 58. bxc4 Kc5 59. Ra6 Kxc4 60. Rxg6 Kb3 61. Rg5 Kxa3 62. Rxh5 Kb3 63. Rb5+ Kc4 64. Rb8 a4 65. Ra8 Kb4 66. f5 a3 67. g4 Kb3 68. g5 a2 69. f6 Bb2 70. Rxa2 Kxa2 71. f7 Bg7 72. h5 Kb3 73. Kg4 Bf8 74. Kf5 Kc4 75. h6 Kd5 76. h7 Bg7 77. f8Q Bxf8 78. h8Q Bd6 79. Qg8+ Kc6 80. Qe6 Kc7 81. g6 Bc5 82. g7 1-0

[Event "Titled Tuesday intern op 20th Apr"]
[Site "Chess.com INT"]
[Date "2021.04.20"]
[Round "7"]
[White "Chandratreya, Prachiti"]
[Black "Morgunov, Marc"]
[Result "1-0"]
[WhiteElo "1998"]
[BlackElo "2385"]
[PlyCount "83"]
[EventDate "2021.04.20"]
[EventType "swiss (blitz)"]
[EventRounds "11"]
[EventCountry "USA"]
[SourceTitle "CBM 202 Extra"]
[Source "ChessBase"]
[SourceDate "2021.07.31"]
[SourceVersion "1"]
[SourceVersionDate "2021.07.31"]
[SourceQuality "1"]

1. e4 c5 2. c3 d5 3. exd5 Qxd5 4. d4 cxd4 5. cxd4 Nf6 6. Nc3 Qd8 7. Nf3 e6 8. Be2 Be7 9. 0-0 0-0 10. h3 Nc6 11. Be3 a6 12. a3 b5 13. Qb3 Bb7 14. Rac1 Rc8 15. Rfd1 Na5 16. Qc2 Nc4 17. Ne5 Nxe3 18. fxe3 h6 19. Bf3 Bxf3 20. Nxf3 Nd5 21. Qd2 Nxc3 22. Rxc3 Qd5 23. Rdc1 Rxc3 24. Qxc3 Bf6 25. Qc6 Qb3 26. Qc3 Qd5 27. Kh1 g6 28. Qc6 Qb3 29. Qc2 Qd5 30. e4 Qa8 31. Qc6 Qa7 32. d5 Bxb2 33. Rc2 Bxa3 34. dxe6 Qe7 35. exf7+ Rxf7 36. Qxg6+ Kh8 37. Qxh6+ Kg8 38. Qxa6 Bd6 39. Qxb5 Qxe4 40. Rc8+ Bf8 41. Qc4 Qe3 42. Rc7 1-0

[Event "Titled Tuesday intern op 20th Apr"]
[Site "Chess.com INT"]
[Date "2021.04.20"]
[Round "1"]
[White "Chandratreya, Prachiti"]
[Black "Perez, Maximiliano"]
[Result "1/2-1/2"]
[WhiteElo "1998"]
[BlackElo "2417"]
[PlyCount "141"]
[EventDate "2021.04.20"]
[EventType "swiss (blitz)"]
[EventRounds "11"]
[EventCountry "USA"]
[SourceTitle "CBM 202 Extra"]
[Source "ChessBase"]
[SourceDate "2021.07.31"]
[SourceVersion "1"]
[SourceVersionDate "2021.07.31"]
[SourceQuality "1"]

1. e4 c5 2. c3 Nf6 3. e5 Nd5 4. Nf3 Nc6 5. Bc4 Nb6 6. Bb3 d5 7. exd6 Qxd6 8. 0-0 e6 9. d4 cxd4 10. cxd4 Be7 11. Nc3 0-0 12. h3 a6 13. Be3 Nb4 14. a3 N4d5 15. Ne4 Qd8 16. Bg5 Bxg5 17. Nexg5 h6 18. Ne4 Bd7 19. Rc1 Rc8 20. Qd2 Bc6 21. Ne5 Bb5 22. Rxc8 Nxc8 23. Rc1 Nd6 24. Bxd5 exd5 25. Nc3 Nc4 26. Nxc4 Bxc4 27. Re1 Re8 28. Re3 Qd7 29. Qe1 Rxe3 30. Qxe3 Kh7 31. Qe5 f6 32. Qe3 Qf5 33. Qd2 h5 34. Nd1 g5 35. Ne3 Qb1+ 36. Kh2 Ba2 37. Qc2+ Qxc2 38. Nxc2 Kg6 39. Kg3 Kf5 40. f3 Bb3 41. Ne3+ Ke6 42. Kf2 f5 43. Ke2 f4 44. Nf1 Bc4+ 45. Kf2 Kd6 46. Nd2 Kc6 47. Ke1 Kb5 48. Kd1 Bd3 49. Kc1 a5 50. Kd1 Kc6 51. Ke1 b5 52. Kf2 b4 53. axb4 axb4 54. Ke1 Kb5 55. Kf2 Ka4 56. Ke1 Bf5 57. Kf2 Bd3 58. Ke1 Kb5 59. Kf2 Kc6 60. Ke1 Kd6 61. Kf2 Ke6 62. Ke1 Kf5 63. Kf2 g4 64. h4 Bc2 65. Ke1 Bd3 66. Kf2 gxf3 67. gxf3 Bc2 68. Ke1 Bd3 69. Kf2 Ke6 70. Ke1 Kf5 71. Kf2 1/2-1/2

[Event "Titled Tuesday intern op 20th Apr"]
[Site "Chess.com INT"]
[Date "2021.04.20"]
[Round "6"]
[White "Terletsky, Oleg"]
[Black "Chandratreya, Prachiti"]
[Result "1/2-1/2"]
[WhiteElo "2213"]
[BlackElo "1998"]
[PlyCount "151"]
[EventDate "2021.04.20"]
[EventType "swiss (blitz)"]
[EventRounds "11"]
[EventCountry "USA"]
[SourceTitle "CBM 202 Extra"]
[Source "ChessBase"]
[SourceDate "2021.07.31"]
[SourceVersion "1"]
[SourceVersionDate "2021.07.31"]
[SourceQuality "1"]

1. e4 e6 2. d4 d5 3. Nd2 Nc6 4. Ngf3 Nf6 5. e5 Nd7 6. Be2 f6 7. exf6 Qxf6 8. Nf1 Bd6 9. Ne3 h6 10. 0-0 0-0 11. c4 e5 12. Nxd5 Qf7 13. c5 Qxd5 14. cxd6 Qxd6 15. dxe5 Qxd1 16. Rxd1 Ndxe5 17. Nxe5 Nxe5 18. Be3 Bg4 19. f3 Bf5 20. Rac1 c6 21. Bd4 Ng6 22. Bc4+ Kh7 23. Bc5 Rfd8 24. g3 b6 25. Bd6 h5 26. Kf2 Rd7 27. Bb4 Rad8 28. Rxd7 Rxd7 29. Be2 c5 30. Bc3 Ne7 31. Rd1 Rxd1 32. Bxd1 Be6 33. a3 Nc6 34. Ke3 Kg6 35. Ba4 Bd5 36. Bc2+ Kh6 37. Be4 Ne7 38. Be5 Be6 39. f4 g6 40. Bb8 a6 41. Bc7 b5 42. Bd6 Nf5+ 43. Bxf5 Bxf5 44. Bxc5 a5 45. Bb6 a4 46. Bd8 Kg7 47. Kd4 Kf7 48. Ke5 Bd3 49. Ba5 Bc4 50. Bc3 Bf1 51. f5 gxf5 52. Kxf5 Be2 53. Kg5 Kg8 54. h3 Kh7 55. g4 hxg4 56. hxg4 Kg8 57. Kf5 Bc4 58. g5 Bd3+ 59. Kf6 Bc4 60. Ke7 Bf1 61. g6 Be2 62. g7 Bf1 63. Kd6 Be2 64. Kc5 Bf1 65. Be5 Be2 66. Kb4 Bf1 67. Kc3 Be2 68. Kd2 Bc4 69. Bf6 Bf1 70. Ke1 Bc4 71. Be5 Kf7 72. Kd2 Kg8 73. Kc3 Kf7 74. b4 Kg8 75. Kd4 Kf7 76. Kc5 1/2-1/2

[Event "Titled Tuesday intern op 13th Apr"]
[Site "Chess.com INT"]
[Date "2021.04.13"]
[Round "5"]
[White "Chandratreya, Prachiti"]
[Black "Vivas Zamora, Fabian Ernesto"]
[Result "0-1"]
[WhiteElo "1998"]
[BlackElo "2344"]
[PlyCount "78"]
[EventDate "2021.04.13"]
[EventType "swiss (blitz)"]
[EventRounds "11"]
[EventCountry "USA"]
[SourceTitle "CBM 201 Extra"]
[Source "ChessBase"]
[SourceDate "2021.05.31"]
[SourceVersion "1"]
[SourceVersionDate "2021.05.31"]
[SourceQuality "1"]

1. Nf3 Nf6 2. g3 c5 3. Bg2 g6 4. d3 Bg7 5. 0-0 0-0 6. c3 d5 7. Nbd2 Nc6 8. e4 dxe4 9. dxe4 Ng4 10. h3 Nge5 11. Qe2 Qd3 12. Qxd3 Nxd3 13. Rd1 b6 14. Nc4 Nxc1 15. Raxc1 Be6 16. Ne3 Bxa2 17. Rd7 Rfd8 18. Rc7 Rac8 19. Rxc8 Rxc8 20. Nd5 Bxd5 21. exd5 Na5 22. Nd2 c4 23. Re1 Kf8 24. f4 Nb7 25. Ra1 a5 26. Rd1 Nd6 27. Ne4 b5 28. Nxd6 exd6 29. Kf2 b4 30. cxb4 axb4 31. Rd2 b3 32. Be4 Ra8 33. f5 Ra2 34. Ke3 Bxb2 35. fxg6 Bc1 36. gxh7 Bxd2+ 37. Kd4 Kg7 38. Kxc4 Ra4+ 39. Kxb3 Rxe4 0-1

[Event "Titled Tuesday intern op 13th Apr"]
[Site "Chess.com INT"]
[Date "2021.04.13"]
[Round "1"]
[White "Rodchenkov, Sergey D"]
[Black "Chandratreya, Prachiti"]
[Result "0-1"]
[WhiteElo "2346"]
[BlackElo "1998"]
[PlyCount "94"]
[EventDate "2021.04.13"]
[EventType "swiss (blitz)"]
[EventRounds "11"]
[EventCountry "USA"]
[SourceTitle "CBM 201 Extra"]
[Source "ChessBase"]
[SourceDate "2021.05.31"]
[SourceVersion "1"]
[SourceVersionDate "2021.05.31"]
[SourceQuality "1"]

1. e4 e6 2. d4 d5 3. Nd2 Nc6 4. c3 e5 5. dxe5 Nxe5 6. Ngf3 Nxf3+ 7. Qxf3 dxe4 8. Nxe4 Be7 9. Bc4 Nf6 10. 0-0 0-0 11. Bf4 Nxe4 12. Qxe4 c6 13. Rad1 Qe8 14. Rfe1 Be6 15. Bxe6 fxe6 16. Qxe6+ Qf7 17. Qxf7+ Rxf7 18. g3 Bc5 19. Be3 Bb6 20. Kg2 Raf8 21. Rd2 h6 22. h4 Kh7 23. a3 g5 24. hxg5 hxg5 25. c4 Kg6 26. c5 Bc7 27. b4 Rh8 28. Rh1 Rxh1 29. Kxh1 Kf5 30. Kg2 Be5 31. f3 g4 32. f4 Bc7 33. a4 Ke4 34. Kf2 Rh7 35. Rd4+ Kf5 36. Ke2 Rh2+ 37. Bf2 Kf6 38. Rd2 Bxf4 39. gxf4 g3 40. Kf3 gxf2 41. Rxf2 Rh3+ 42. Kg4 Rb3 43. Rd2 Rxb4 44. Rd6+ Kf7 45. a5 Rb5 46. Rd7+ Ke6 47. Rxb7 Rxb7 0-1